[Event "TCh-Central Serbia 2011"]
[Site "Kraljevo SRB"]
[Date "2011.09.17"]
[Round "1"]
[White "Bojkov,D"]
[Black "Pantelic,Sa"]
[Result "1/2-1/2"]
[WhiteElo "2541"]
[BlackElo "2334"]

1.e4 c5 2.Nf3 d6 3.Bb5+ Bd7 4.Bxd7+ Nxd7 5.O-O Ngf6 6.Qe2 e6 7.b3 Be7 8.Bb2 O-O
9.c4 Re8 10.d4 d5 11.Nbd2 dxe4 12.Nxe4 cxd4 13.Bxd4 Nxe4 14.Qxe4 Qc7 15.Rad1 Bf6
16.Rd2 Bxd4 17.Qxd4 Nf6 18.Rfd1 e5 19.Qe3 e4 20.Nh4 Ng4 21.Qg3 Qxg3 22.fxg3 g6
23.h3 Nf6 24.g4 h6 25.g3 Re5 26.Ng2 Rae8 27.Ne3 Kg7 28.Kf2 h5 29.gxh5 Rxh5
30.Kg2 b5 31.Rd6 bxc4 32.Rf1 Re6 33.Rxe6 fxe6 34.Nxc4 Rd5 35.Rf2 Rd3 36.Re2 Nh5
37.Re3 Rd4 38.Kf2 Nf6 39.Re2 Nd5 40.Ne5 a6 41.Nc6 Rd1 42.Rxe4 Kf6 43.Nd4 Rd2+
44.Ke1 Rxa2 45.Rxe6+ Kf7 46.Re2 Ra1+ 47.Kf2 a5 48.Re5 Nc3 49.Kf3 a4 50.Rc5 a3
51.Rxc3 a2 52.Kg4 Rd1 53.Rc7+ Kf6 54.Rc6+ Kf7 55.Nc2 Rc1 56.Rc7+ Kf6 57.Ra7 Rxc2
58.h4 Rd2 59.Ra6+ Kg7 60.Kg5 Rd5+ 61.Kf4 Rd4+ 62.Ke5 Rb4 63.Rxa2 Rb5+ 64.Kf4 Rb4+
65.Kg5 Rb5+ 66.Kg4 Rb4+ 67.Kh3 Rxb3 68.Ra5 Rc3 69.Kg4 Rb3 70.Kf4 Rc3 71.g4 Rc7
72.Rd5 Ra7 73.Ke5 Re7+ 74.Kd6 Re4 75.g5 Rxh4 76.Ke5 Ra4 77.Rd7+ Kf8 78.Ke6 Rf4
79.Rd8+  1/2-1/2

[Event "11th Josipa Ipavca Mem"]
[Site "Sentjur SLO"]
[Date "2011.09.17"]
[Round "4.6"]
[White "Orehek,S"]
[Black "Kersic,M"]
[Result "0-1"]
[WhiteElo "2020"]
[BlackElo "2139"]

1.e4 c5 2.Nf3 d6 3.Bb5+ Nc6 4.Bxc6+ bxc6 5.O-O e5 6.c3 Bg4 7.h3 Bh5 8.Re1 Be7
9.d3 Nf6 10.Nbd2 O-O 11.Nf1 Qc7 12.Ng3 Bg6 13.d4 cxd4 14.cxd4 exd4 15.Nxd4 d5
16.e5 Ne4 17.Bf4 Qb6 18.Nxe4 Bxe4 19.Rc1 c5 20.Nb3 Rfd8 21.Qe2 c4 22.Be3 Qg6
23.f3 cxb3 24.fxe4 d4 25.Bd2 bxa2 26.Qc4 a1=Q 27.Rxa1 Rac8 28.Qd3 Bc5 29.Rf1 Bb6
30.Rf5 Rc3 31.Qf1 Rxh3 32.Ba5 d3+ 33.Bxb6 Qxb6+ 34.Qf2 Rh4 35.Qxb6 axb6 36.Rf3 g6
37.Re3 Rd4 38.Rd1 Rhxe4 39.Rexd3 Rxd3 40.Rxd3 Rxe5 41.Kf2 Rb5 42.b3 Rb4 43.Ke3 h5
44.Kd2 h4 45.Kc3 Rg4 46.Rd2 Kg7 47.b4 b5  0-1

[Event "e2e4 Sunningdale Autumn"]
[Site "Sunningdale ENG"]
[Date "2011.09.17"]
[Round "3"]
[White "Foo,William J"]
[Black "Collier,D"]
[Result "1/2-1/2"]
[WhiteElo "1931"]
[BlackElo "2100"]

1.e4 c5 2.Nf3 d6 3.Bb5+ Bd7 4.Bxd7+ Qxd7 5.c4 Nc6 6.d4 cxd4 7.Nxd4 g6 8.Be3 Bg7
9.Nc3 Nf6 10.f3 O-O 11.Qd2 Rfc8 12.b3 Qd8 13.Rc1 Qa5 14.Nce2 Qxd2+ 15.Kxd2 a6
16.Rhd1 e6 17.Ke1 Rd8 18.Nc3 Ne7 19.Nde2 h6 20.Rd2 Ne8 21.Rcd1 Nc6 22.Bf4 Bf8
23.Kf1 Kg7 24.a3 Be7 25.Be3 g5 26.Bb6 Rdc8 27.Na4 Kg6 28.Nec3 Bf6 29.Ke2 Ne5
30.Na2 a5 31.N2c3 Ra6 32.Nb5 Nxc4 33.bxc4 Rxc4 34.Rd4 Bxd4 35.Rxd4 Rxa4 36.Rxa4 Rxb6
37.Rxa5 Kf6 38.Kd3 Ke7 39.Nd4 Ra6 40.Rxa6 bxa6 41.Nc6+ Kf6 42.Kc4 Nc7 43.Kb4 d5
44.Kc5 dxe4 45.fxe4 Nb5 46.a4 Nc3 47.a5 Nxe4+ 48.Kb6 Nd2 49.Kxa6 Nc4 50.Kb5 Nxa5
51.Nxa5 Ke5 52.Kc5 f5 53.Nc4+ Ke4 54.Kd6 f4 55.Kxe6 g4 56.Nd2+ Ke3 57.Kf5 f3
58.gxf3 gxf3 59.Nxf3 Kxf3 60.h4 h5 61.Kg5 Ke4 62.Kxh5 Kf5 63.Kh6 Kf6 64.h5 Kf7
65.Kg5  1/2-1/2

[Event "ch-Euro Youth b18"]
[Site "Albena BUL"]
[Date "2011.09.18"]
[Round "7.30"]
[White "Petrovski,I"]
[Black "Kokotovic,A"]
[Result "1-0"]
[WhiteElo "2215"]
[BlackElo "2013"]

1.e4 c5 2.Nf3 d6 3.Bb5+ Bd7 4.Bxd7+ Qxd7 5.c4 Nc6 6.d4 cxd4 7.Nxd4 Nf6 8.Nc3 g6
9.f3 Bg7 10.Nde2 O-O 11.Be3 Ne5 12.b3 a6 13.a4 a5 14.O-O Rab8 15.Qd2 Rfc8
16.Rac1 b6 17.Nd5 Qd8 18.Bd4 Ned7 19.Rfd1 h5 20.Nec3 Kh7 21.Nb5 Ra8 22.Qf2 Rc6
23.Qh4 e5 24.Be3 Qf8 25.Bg5 Qd8 26.Rc2 Rb8 27.Rcd2 Rb7 28.h3 Kg8 29.Rf2 Kf8
30.Rdf1 Kg8 31.f4  1-0

[Event "TCh-Central Serbia 2011"]
[Site "Kraljevo SRB"]
[Date "2011.09.18"]
[Round "3"]
[White "Stankovic,De"]
[Black "Mladenovic,St"]
[Result "1/2-1/2"]
[WhiteElo "2281"]
[BlackElo "2137"]

1.e4 c5 2.Nf3 d6 3.Bb5+ Bd7 4.Bxd7+ Qxd7 5.O-O Nc6 6.c3 Nf6 7.d4 cxd4 8.cxd4 d5
9.e5 Ne4 10.Ne1 f6 11.f3 Ng5 12.Bxg5 fxg5 13.Nc3 e6 14.Ne2 Rc8 15.Rc1 Be7
16.Nd3 O-O 17.Qd2 Qe8 18.b4 b6 19.Rc2 a5 20.b5 Na7 21.Rxc8 Qxc8 22.Rc1 Qd7
23.a4 Rc8  1/2-1/2

[Event "Shenzhen WGP 2011"]
[Site "Shenzhen CHN"]
[Date "2011.09.18"]
[Round "10"]
[White "Yildiz,B"]
[Black "Kovalevskaya,E"]
[Result "1/2-1/2"]
[WhiteElo "2308"]
[BlackElo "2421"]

1.e4 c5 2.Nf3 d6 3.Bb5+ Bd7 4.Bxd7+ Qxd7 5.c4 Nc6 6.d4 cxd4 7.Nxd4 g6 8.O-O Bg7
9.Be3 Nf6 10.f3 O-O 11.Nc3 a6 12.a4 Rac8 13.b3 e6 14.Rc1 Qc7 15.Qd2 Nd7 16.Nde2 Nc5
17.Rb1 Na5 18.Bxc5 Qxc5+ 19.Kh1 Nc6 20.f4 Nd4 21.Nxd4 Qxd4 22.Qxd4 Bxd4 23.Rf3 Bxc3
24.Rxc3 d5 25.exd5 exd5 26.Rbc1 Rfd8 27.cxd5 Rxc3 28.Rxc3 Rxd5 29.Kg1 Rd4
30.g3 Kg7 31.Kg2 Rd2+ 32.Kf3 Kf6 33.h3 Ke6 34.Ke3 Rb2 35.Rd3 h5 36.h4 Rc2
37.Kf3 Rc1 38.Ke3 Rc7 39.Kf3 Rc1 40.Ke3 Rc7 41.Ke4  1/2-1/2

[Event "ch-Euro Youth b16"]
[Site "Albena BUL"]
[Date "2011.09.19"]
[Round "8.11"]
[White "Apryshko,G"]
[Black "Beradze,I"]
[Result "0-1"]
[WhiteElo "2255"]
[BlackElo "2294"]

1.e4 c5 2.Nf3 d6 3.Bb5+ Bd7 4.Bxd7+ Qxd7 5.O-O Nc6 6.c3 Nf6 7.d4 Nxe4 8.d5 Ne5
9.Re1 Nxf3+ 10.Qxf3 Nf6 11.Bg5 Qg4 12.Qxg4 Nxg4 13.Na3 h6 14.Bh4 Kd7 15.h3 Nf6
16.Bxf6 gxf6 17.Nc4 Rg8 18.f4 f5 19.a4 h5 20.Ne3 e6 21.Kf2 Bh6 22.Kf3 h4
23.Nf1 Rae8 24.g4 hxg3 25.Nxg3 Rg6 26.Rad1 Reg8 27.Rg1 e5 28.fxe5 dxe5 29.Kf2 e4
30.Ne2 Rxg1 31.Rxg1 Rxg1 32.Kxg1 Be3+ 33.Kf1 Kd6 34.c4 Bg5 35.Ng3 Ke5  0-1

[Event "US Chess League 2011"]
[Site "ICC INT"]
[Date "2011.09.19"]
[Round "4"]
[White "Erenburg,S"]
[Black "Shankland,S"]
[Result "1/2-1/2"]
[WhiteElo "2616"]
[BlackElo "2553"]

1.e4 c5 2.Nf3 d6 3.Bb5+ Nc6 4.O-O Bd7 5.Re1 Nf6 6.h3 a6 7.Bf1 e5 8.c3 Be7
9.d4 Qc7 10.Nbd2 O-O 11.Nc4 cxd4 12.cxd4 exd4 13.Nxd4 b5 14.Ne3 Rfe8 15.b3 Bf8
16.Bb2 Nxe4 17.Rc1 Qb7 18.Ndf5 Ne7 19.Nxd6  1/2-1/2

[Event "FIDE World Cup 2011"]
[Site "Khanty-Mansiysk RUS"]
[Date "2011.09.19"]
[Round "7.4"]
[White "Svidler,P"]
[Black "Grischuk,A"]
[Result "1/2-1/2"]
[WhiteElo "2739"]
[BlackElo "2746"]

1.e4 c5 2.Nf3 d6 3.Bb5+ Nd7 4.d4 cxd4 5.Qxd4 a6 6.Be2 Ngf6 7.O-O Qc7 8.c4 e6
9.b3 b6 10.Nc3 Bb7 11.Rd1 Be7 12.h3 Rd8 13.Qe3 O-O 14.Ba3 Rfe8 15.Rac1 h6
16.b4 Rc8 17.Bb2 Qb8 18.Bd3 Nh7 19.Ne2 Ba8 20.e5 Ng5 21.Nxg5 Bxg5 22.f4 Be7
23.Be4 Bxe4 24.Qxe4 Red8 25.Nd4 Bf8 26.Nxe6 fxe6 27.exd6 Re8 28.Rc3 Qa8 29.Qxa8 Rxa8
30.c5 bxc5 31.bxc5 Reb8 32.Ba3 Rd8 33.c6 Rac8 34.Bb2 Nb8 35.c7 Rxd6 36.Rxd6 Bxd6
37.cxb8=Q Rxb8 38.Bc1 Rb4  1/2-1/2

[Event "TCh-Central Serbia 2011"]
[Site "Kraljevo SRB"]
[Date "2011.09.19"]
[Round "4"]
[White "Stankovic,De"]
[Black "Lapcevic,M"]
[Result "1-0"]
[WhiteElo "2281"]
[BlackElo "2420"]

1.e4 c5 2.Nf3 d6 3.Bb5+ Bd7 4.Bxd7+ Qxd7 5.O-O Nf6 6.e5 dxe5 7.Nxe5 Qc8 8.Qf3 e6
9.b3 Be7 10.Bb2 O-O 11.d3 Nbd7 12.Nd2 Nxe5 13.Bxe5 Nd7 14.Bb2 Bf6 15.Bxf6 Nxf6
16.a4 Qc7 17.Rfe1 Rad8 18.Ne4 Nd5 19.Qh5 e5 20.Ng5 h6 21.Nf3 f6 22.Nh4 Nf4
23.Qf5 Qd7 24.Qxd7 Rxd7 25.a5 Ne6 26.Nf3 Nd4 27.Nxd4 Rxd4 28.f3 Rc8 29.Ra2 Rc6
30.Kf2 Kf7 31.Ke3 Rh4 32.h3 Rb4 33.Kd2 Ke6 34.Re4 Kd5 35.Rc4 Ra6 36.Ra3 Kc6
37.c3 Rxc4 38.dxc4 b5 39.Kd3 b4 40.Ra2 g6 41.cxb4 cxb4 42.Ke4 Kc5 43.g4 Rd6
44.a6 Rd1 45.Ra5+ Kd6 46.Rb5 f5+ 47.gxf5 Re1+ 48.Kd3 gxf5 49.Rxb4 f4 50.Kd2 Re3
51.Rb6+ Kc5 52.Rb5+ Kd6 53.Rd5+  1-0

[Event "ch-Euro Youth b16"]
[Site "Albena BUL"]
[Date "2011.09.20"]
[Round "9.7"]
[White "Beradze,I"]
[Black "Berbatov,K"]
[Result "1/2-1/2"]
[WhiteElo "2294"]
[BlackElo "2474"]

1.e4 c5 2.Nf3 d6 3.Bb5+ Nd7 4.d4 cxd4 5.Qxd4 a6 6.Bxd7+ Bxd7 7.Nc3 Rc8 8.O-O e5
9.Qd3 h6 10.a4 Nf6 11.Be3 Be6 12.Nd2 d5 13.exd5 Nxd5 14.Nxd5 Qxd5 15.Qxd5 Bxd5
16.Rac1 Be7 17.Rfd1 f6 18.Bb6 Kf7 19.c4 Bc6 20.b3 Bd8 21.a5 Bxb6 22.axb6 Rhd8
23.c5 Ke6 24.f4 Rd5 25.Nc4 exf4 26.Rxd5 Bxd5 27.Nd6 Rd8 28.b4 f5 29.Re1+ Kf6
30.Rd1 Bc6 31.Kf2 Rd7 32.Ne8+ Ke5 33.Nd6 g6 34.Rd2 Kf6 35.h3 g5 36.Ne8+ Ke5
37.Rxd7 Bxd7 38.Nd6 Bc6 39.Nf7+ Kd5 40.Nd8 h5 41.h4 g4 42.Ke2 a5 43.bxa5 Kxc5
44.Ne6+ Kb5 45.Ng7 Bxg2 46.Nxh5 Bd5 47.Nxf4 Bf7 48.h5  1/2-1/2

[Event "ch-Euro Youth g18"]
[Site "Albena BUL"]
[Date "2011.09.20"]
[Round "9.3"]
[White "Olsarova,K"]
[Black "Pustovoitova,D"]
[Result "1/2-1/2"]
[WhiteElo "2176"]
[BlackElo "2315"]

1.e4 c5 2.Nf3 d6 3.Bb5+ Nc6 4.Bxc6+ bxc6 5.O-O Bg4 6.c3 Nf6 7.d3 e5 8.Nbd2 Be7
9.Qa4 Qc7 10.Re1 O-O 11.d4 exd4 12.cxd4 Nd7 13.h3 Be6 14.Nf1 h6 15.Bf4 Qb7
16.Qc2 Rfe8 17.Ne3 Bf8 18.b3 d5 19.exd5 cxd5 20.dxc5 Bxc5 21.Rad1 Rac8 22.Qb1 Qb6
23.Qb2 Qa5 24.Nc2 Bf5 25.Rxe8+ Rxe8 26.Ncd4 Ba3 27.Bd2 Bxb2 28.Bxa5 Be4 29.Bd2 Rc8
30.Be3 a6 31.Nd2 Bd3 32.N2f3 Be4 33.Nd2 Bh7 34.N2f3 f6 35.Ne2 Be4 36.Nf4 Ne5
37.Nxe5 Bxe5 38.Nxd5 Rc2 39.Nb4 Re2 40.Nxa6 Rxa2 41.Nc5 Bc2 42.Rc1 Rb2 43.Na4 Ra2
44.Nc5 Rb2 45.b4 Bg6 46.Nd7 Rxb4 47.Rc8+ Kf7 48.Nxe5+ fxe5 49.Rc7+ Kf6 50.Rc6+ Kf7
51.Rc7+  1/2-1/2

[Event "24th Moratalaz Open"]
[Site "Madrid ESP"]
[Date "2011.09.20"]
[Round "6.6"]
[White "Renteria,J"]
[Black "Ambrona Castellanos,M"]
[Result "1-0"]
[WhiteElo "2319"]
[BlackElo "1994"]

1.e4 c5 2.Nf3 d6 3.Bb5+ Bd7 4.Bxd7+ Nxd7 5.c4 Ngf6 6.Nc3 g6 7.O-O Bg7 8.d4 cxd4
9.Nxd4 O-O 10.Be3 Rc8 11.b3 Qa5 12.Rc1 Qh5 13.Qxh5 Nxh5 14.Nd5 Bf6 15.g4 e6
16.gxh5 exd5 17.exd5 a6 18.hxg6 hxg6 19.Nf3 Kg7 20.Bf4 Be5 21.Nxe5 dxe5 22.Be3 f5
23.f4 e4 24.b4 Nf6 25.Rfd1 g5 26.fxg5 Ng4 27.Bd4+ Kg6 28.h3 Kxg5 29.hxg4 f4
30.Kf2 Kxg4 31.Rg1+ Kf5 32.Rg7 f3 33.Rcg1  1-0

[Event "US Chess League 2011"]
[Site "ICC INT"]
[Date "2011.09.21"]
[Round "4"]
[White "Finegold,B"]
[Black "Molner,M"]
[Result "1-0"]
[WhiteElo "2489"]
[BlackElo "2453"]

1.Nf3 c5 2.e4 d6 3.Bb5+ Nc6 4.O-O Bd7 5.Re1 Nf6 6.Nc3 g6 7.Bxc6 Bxc6 8.e5 dxe5
9.Nxe5 Rc8 10.d3 Bg7 11.Qe2 b6 12.Nxc6 Rxc6 13.Bg5 Rc7 14.Qf3 O-O 15.Re2 Qa8
16.Qxa8 Rxa8 17.Bxf6 Bxf6 18.Nd5 Rd7 19.Nxf6+ exf6 20.a4 a6 21.Kf1 Rc8 22.Ke1 c4
23.dxc4 Rxc4 24.c3 Rd5 25.Rd2 Rh5 26.h3 Rg5 27.f3 Ra5 28.Rd6 b5 29.b4 Rxa4
30.Rxa4 bxa4 31.Kd2 a5 32.Kd3 Rf4 33.b5 a3 34.Kc2 a2 35.Rd1 Rf5 36.c4 Kf8
37.Kb3 Ke7 38.Kxa2 Rc5 39.Kb3 Rc8 40.Rd4 Ra8 41.c5  1-0

[Event "US Chess League 2011"]
[Site "ICC INT"]
[Date "2011.09.21"]
[Round "4"]
[White "Simpson,R"]
[Black "Herman,Ma"]
[Result "1-0"]
[WhiteElo "2271"]
[BlackElo "2414"]

1.e4 c5 2.Nf3 d6 3.Bb5+ Nd7 4.c3 Nf6 5.Qe2 Qc7 6.O-O a6 7.Ba4 b5 8.Bc2 c4
9.a4 Rb8 10.axb5 axb5 11.d4 cxd3 12.Bxd3 g6 13.Na3 Bg7 14.Nxb5 Qd8 15.e5 dxe5
16.Nxe5 Nxe5 17.Qxe5 Qxd3 18.Qxb8 O-O 19.Qb6 Nd7 20.Qc6 Ne5 21.Qc5 Bb7 22.Nd4 Ng4
23.Qxe7 Be5 24.Bh6 Rb8 25.Qh4 Nxh6 26.Qxh6 Qe4 27.Qh3 Bf6 28.Rfe1 Qd5 29.Rad1 Kg7
30.Ne6+ fxe6 31.Rxd5 Bxd5 32.b4 Rc8 33.Rc1 Bg5 34.Ra1 h5 35.Qg3 Bf6 36.Ra7+ Kh6
37.h4 Rc4 38.Qe3+ g5 39.hxg5+ Bxg5 40.Qe5 h4 41.Qh8+ Kg6 42.Qh7+ Kf6 43.Rf7+ Ke5
44.Qg7+  1-0

[Event "4th Mumbai Mayors Cup"]
[Site "Mumbai IND"]
[Date "2011.09.21"]
[Round "8"]
[White "Ankit,R"]
[Black "Neelotpal,D"]
[Result "1/2-1/2"]
[WhiteElo "2281"]
[BlackElo "2458"]

1.e4 c5 2.Nf3 d6 3.Bb5+ Nd7 4.d4 Nf6 5.O-O cxd4 6.Qxd4 e5 7.Qd3 h6 8.Nc3 a6
9.Bxd7+ Bxd7 10.Nd2 b5 11.a4 Rb8 12.axb5 axb5 13.b4 Be7 14.Rd1 O-O 15.Nf1 d5
16.Nxd5 Nxd5 17.exd5 Bxb4 18.Ba3 Bxa3 19.Rxa3 Qb6 20.Ne3 Qd6 21.Rda1 Rb6  1/2-1/2

[Event "4th Mumbai Mayors Cup"]
[Site "Mumbai IND"]
[Date "2011.09.23"]
[Round "10"]
[White "Ankit,R"]
[Black "Kotanjian,T"]
[Result "1/2-1/2"]
[WhiteElo "2281"]
[BlackElo "2546"]

1.e4 c5 2.Nf3 d6 3.Bb5+ Bd7 4.Bxd7+ Qxd7 5.O-O Nf6 6.e5 dxe5 7.Nxe5 Qc8 8.Nc3 e6
9.d3 Nbd7 10.Nc4 Qc6 11.a4 Be7 12.Bg5 O-O 13.Qe2 Rfe8 14.Rfe1 Nd5 15.Bd2 Rad8
16.Qf3 Nb4 17.Qxc6 Nxc6 18.Ne4 Nf6 19.Nxf6+ Bxf6 20.Bc3 Bd4 21.Rab1 b6 22.Bxd4 Nxd4
23.Rbc1 f6 24.f4 h6 25.Kf2 g5 26.g3 gxf4 27.gxf4 Kf7 28.Ne3 e5 29.f5 e4 30.Rcd1 exd3
31.Rxd3 Re4 32.c3 Rf4+ 33.Kg2 Rg8+ 34.Kh1 Nxf5 35.Nxf5 Rxf5 36.Rd7+ Kg6 37.Rxa7 Rd8
38.Rb7 Rd2 39.Rxb6 Rff2 40.b4 Rxh2+ 41.Kg1 h5 42.Re3 Rdg2+ 43.Kf1 Rf2+ 44.Kg1 h4
45.Rf3 Rhg2+ 46.Kh1 Rxf3 47.Kxg2 Rxc3 48.bxc5 Kg5 49.Rb4 f5 50.a5 h3+ 51.Kh2 f4
52.Rb8 Rxc5 53.a6 Ra5 54.Kxh3 Rxa6 55.Rb5+  1/2-1/2

[Event "2nd Biella Open A"]
[Site "Biella ITA"]
[Date "2011.09.24"]
[Round "2.6"]
[White "Zanetti,A"]
[Black "Stella,A"]
[Result "0-1"]
[WhiteElo "2167"]
[BlackElo "2447"]

1.e4 c5 2.Nf3 d6 3.Bb5+ Bd7 4.Bxd7+ Nxd7 5.d4 cxd4 6.Nxd4 Ngf6 7.Nc3 a6 8.O-O e6
9.b3 Be7 10.Bb2 O-O 11.Kh1 Rc8 12.a4 Nc5 13.Qe2 d5 14.exd5 Nxd5 15.Rad1 Nxc3
16.Bxc3 Qd5 17.Bb4 Rfe8 18.c4 Qe4 19.Bxc5 Qxe2 20.Nxe2 Rxc5 21.Nc3 f5 22.Rfe1 Rc6
23.Re2 Kf8 24.g3 Rb6 25.Rb1 Rd8 26.a5 Rc6 27.Ra2 Rd3 28.Nd1 g5 29.Kg2 g4
30.h4 gxh3+ 31.Kxh3 Bc5 32.b4 Bd4 33.c5 e5 34.Kg2 f4 35.gxf4 exf4 36.Kf1 f3
37.Ne3 Rh6 38.Kg1 Rg6+ 39.Kf1 Be5 40.Nf5 Rg2  0-1

[Event "Tatry Open"]
[Site "Tatranske Zruby SVK"]
[Date "2011.09.26"]
[Round "2.7"]
[White "Dobrovolsky,L"]
[Black "Demeter,P"]
[Result "1/2-1/2"]
[WhiteElo "2347"]
[BlackElo "2253"]

1.e4 c5 2.Nf3 d6 3.Bb5+ Bd7 4.Bxd7+ Nxd7 5.c4 Ngf6 6.Nc3 g6 7.O-O Bg7 8.d4 cxd4
9.Nxd4 O-O 10.Be3 Qa5 11.Rc1 Rfc8 12.b3 a6 13.f3 Rab8 14.Qd2 Ne5 15.Rfd1 Rc7
16.h3 Rbc8 17.a4 h5 18.Nde2 Ned7 19.Nf4 Bf8 20.Nd3 Rc6 21.Qf2 e6 22.b4 Qd8
23.c5 dxc5 24.b5 axb5 25.axb5 Rb6 26.Nb2 Rd6 27.Rxd6 Bxd6  1/2-1/2

[Event "Tatry Open"]
[Site "Tatranske Zruby SVK"]
[Date "2011.09.27"]
[Round "4.20"]
[White "Sejkora,V"]
[Black "Masak,P"]
[Result "1/2-1/2"]
[WhiteElo "2221"]
[BlackElo "2081"]

1.e4 c5 2.Nf3 d6 3.Bb5+ Nd7 4.O-O e6 5.c3 a6 6.Bxd7+ Bxd7 7.d4 Qc7 8.Bf4 Be7
9.a4 Nf6 10.Nbd2 O-O 11.dxc5 Qxc5 12.a5 e5 13.Be3 Qc6 14.Re1 h6 15.h3 Rfe8
16.c4 Be6 17.b3 Nxe4 18.Nxe4 Qxe4 19.Bxh6 Qg6 20.Be3 Bxh3 21.g3 Bg4 22.Qd5 Qe6
23.Nd2 Qxd5 24.cxd5 Rac8 25.Kg2 Rc3 26.Ra4 Bd7 27.Rb4 Bb5 28.Nc4 Rd3 29.Na3 Bd8
30.Bb6 Bxb6 31.axb6 Rxd5 32.Nxb5 Rxb5 33.Rxb5 axb5 34.Rc1 d5 35.Rc7 g6 36.Rxb7 Re6
37.Rb8+ Kg7 38.Kf3 Kf6 39.Ke3 Kf5 40.f3 b4 41.Kd3 f6 42.Ke3 Rc6 43.Kd2 e4
44.b7 Rb6 45.Rd8 Rxb7 46.Rxd5+ Ke6  1/2-1/2

[Event "Tatry Open"]
[Site "Tatranske Zruby SVK"]
[Date "2011.09.27"]
[Round "4.30"]
[White "Vrchotka,J"]
[Black "Kolesar,Mil"]
[Result "1/2-1/2"]
[WhiteElo "2035"]
[BlackElo "2175"]

1.e4 c5 2.Nf3 d6 3.Bb5+ Nc6 4.O-O Bd7 5.c3 Nf6 6.Re1 a6 7.Ba4 b5 8.Bc2 Bg4
9.h3 Bxf3 10.Qxf3 g6 11.a4 Rb8 12.axb5 axb5 13.Qd1 e5 14.d3 Bg7 15.Nd2 O-O
16.Nf3 Re8 17.Be3 Qc7 18.Ng5 h6 19.Nf3 Kh7 20.Nh2 b4 21.Ng4 bxc3 22.bxc3 Nxg4
23.hxg4 Rb2 24.Bb3 Rb8 25.Bd5 Nd8 26.Re2  1/2-1/2

[Event "Tatry Open"]
[Site "Tatranske Zruby SVK"]
[Date "2011.09.29"]
[Round "6.51"]
[White "Vrchotka,J"]
[Black "Sepesi,Samuel"]
[Result "1-0"]
[WhiteElo "2035"]
[BlackElo "1839"]

1.e4 c5 2.Nf3 d6 3.Bb5+ Nc6 4.O-O Bd7 5.c3 Nf6 6.Re1 a6 7.Ba4 b5 8.Bc2 Bg4
9.h3 Bxf3 10.Qxf3 g6 11.a4 Rb8 12.axb5 axb5 13.Qd1 Qb6 14.d3 Bg7 15.Kh1 Nd7
16.Be3 O-O 17.Qe2 b4 18.Bc1 Ra8 19.Rxa8 Rxa8 20.f4 b3 21.Bd1 Ra1 22.Nd2 Na5
23.Qg4 Nf8 24.Be2 Bxc3 25.Rf1 Bg7 26.f5 Ra2 27.fxg6 fxg6 28.Qf4 Qb8 29.Qf7+ Kh8
30.Qxe7 Nc6 31.Qf7 Nd4 32.Bd1 Ra7 33.Qd5 Nd7 34.Nc4 Be5 35.Nxe5 Nxe5 36.Bg5 h6
37.Bxh6 Kh7 38.Bg5 Nc2 39.Rf4 Nb4 40.Qe6 Nbxd3 41.Rh4+ Kg7 42.Bf6+  1-0

[Event "16th ECC w"]
[Site "Rogaska Slatina SLO"]
[Date "2011.09.30"]
[Round "6.3"]
[White "Muzychuk,A"]
[Black "Dembo,Y"]
[Result "1/2-1/2"]
[WhiteElo "2545"]
[BlackElo "2471"]

1.e4 c5 2.Nf3 d6 3.Bb5+ Nc6 4.O-O Bd7 5.Re1 Nf6 6.c3 a6 7.Ba4 b5 8.Bc2 c4
9.b3 e5 10.a4 Be7 11.axb5 axb5 12.Rxa8 Qxa8 13.Na3 cxb3 14.Bxb3 Na5 15.d4 Qb8
16.Bg5 Qc7 17.Bxf6 Bxf6 18.dxe5 dxe5 19.Bd5  1/2-1/2

[Event "Tatry Open"]
[Site "Tatranske Zruby SVK"]
[Date "2011.09.30"]
[Round "7.6"]
[White "Sikorova,O"]
[Black "Talla,V"]
[Result "1/2-1/2"]
[WhiteElo "2276"]
[BlackElo "2399"]

1.e4 c5 2.Nf3 d6 3.Bb5+ Nd7 4.c3 Nf6 5.Qe2 a6 6.Ba4 e5 7.O-O Be7 8.d4 b5
9.Bc2 O-O 10.dxe5 dxe5 11.Rd1 Qc7 12.a4 Rb8 13.axb5 axb5 14.c4 b4 15.b3 Re8
16.Bb2 Bd6 17.Nbd2 Bb7 18.Nf1 Ra8 19.Rxa8 Rxa8 20.Ne3 g6 21.Nd2 Ra2 22.Rb1 Nb8
23.Nd5 Qd8 24.Nf3 Nc6 25.Bd3 Nd7 26.Rf1 Nf8 27.Bb1 Ra8 28.g3 Ne6 29.Qe3 f6
30.h4 Ncd4 31.Nd2 Bf8 32.h5 Bg7 33.Kg2 Qf8 34.hxg6 hxg6 35.Rh1 Rd8 36.Nf3 Qd6
37.Nxd4 Nxd4 38.f3 Kf7 39.Qd3 Rh8 40.Rxh8 Bxh8 41.Bxd4 cxd4 42.Qd2 Bxd5 43.exd5 f5
44.Qc2 Bg7 45.g4 e4 46.fxe4 Qf4 47.exf5 Qxg4+ 48.Kf1 Qf3+ 49.Qf2 Qh1+ 50.Qg1 Qf3+
51.Qf2 Qh1+ 52.Qg1  1/2-1/2

[Event "Belgrade Premier League 2011"]
[Site "Belgrade SRB"]
[Date "2011.10.01"]
[Round "1.5"]
[White "Stamatovic,A"]
[Black "Dobrijevic,M"]
[Result "0-1"]
[WhiteElo "2201"]
[BlackElo "2197"]

1.e4 c5 2.Nf3 d6 3.Bb5+ Bd7 4.Bxd7+ Nxd7 5.O-O Ngf6 6.Qe2 g6 7.c3 Bg7 8.d4 e5
9.dxe5 dxe5 10.Rd1 Qc7 11.Na3 O-O 12.Nb5 Qc6 13.Rd6 Qc8 14.Bg5 a6 15.Na3 Ne8
16.Rd2 f6 17.Rad1 Rf7 18.Nc4 b5 19.Ne3 Nb6 20.Bh4 c4 21.Nd5 Nxd5 22.Rxd5 Qc6
23.Qe3 Bf8 24.Bg3 Nc7 25.Rd8 Rxd8 26.Rxd8 Ne6 27.Rd5 Nc5 28.Bxe5 Nd3 29.Bd4 Nxb2
30.Rd8 Rd7 31.Bxf6 Rxd8 32.Bxd8 Bc5 33.Qe2 Qd6 34.Bg5 Qd1+ 35.Qf1 Qxf1+ 36.Kxf1 Nd1
37.Bf6 Nxf2 38.Nd2 Ng4 39.Bd4 Nxh2+ 40.Ke2 Bxd4 41.cxd4 Kf7 42.Ke3 Kf6 43.Kf4 g5+
44.Kg3 c3 45.Nb3 Nf1+ 46.Kf2 Nd2 47.e5+ Kf5 48.Ke2 Nxb3 49.axb3 h5  0-1

[Event "Belgrade Premier League 2011"]
[Site "Belgrade SRB"]
[Date "2011.10.01"]
[Round "1.4"]
[White "Peovic,M"]
[Black "Tisma,I"]
[Result "1-0"]
[WhiteElo "2246"]
[BlackElo "2147"]

1.e4 c5 2.Nf3 d6 3.Bb5+ Nc6 4.O-O Nf6 5.Re1 Bd7 6.c3 a6 7.Bf1 Bg4 8.h3 Bxf3
9.Qxf3 g6 10.d3 Bg7 11.Bg5 O-O 12.Nd2 b5 13.Qe3 Re8 14.a4 b4 15.Rec1 Nd7
16.Kh1 a5 17.f4 Ra7 18.Qf2 Qb8 19.Nf3 bxc3 20.bxc3 Rb7 21.Ra2 Nf6 22.e5 Nd5
23.d4 Rb1 24.Qc2 Rb3 25.Qd2 Rb1 26.Bb5 Rxc1+ 27.Qxc1 Rc8 28.Rb2 Qc7 29.Qd2 cxd4
30.cxd4 Ncb4 31.Kh2 Nc3 32.Bh4 e6 33.Be1 Ncd5 34.g3 h6 35.h4 h5 36.Ng5 dxe5
37.dxe5 Bf8 38.Ne4 Be7 39.Bf2 Rd8 40.Qe2 Kg7 41.Rd2 Qc1 42.Qc4 Rc8 43.Qxc1 Rxc1
44.Nd6 Bd8 45.Be8 Bc7 46.Bxf7 Bxd6 47.Bxe6 Bc5 48.Bxd5 Bxf2 49.Be4 Be1 50.Rd7+ Kf8
51.e6 Nc6 52.Rc7 Rc3 53.Bxc6 Bxg3+ 54.Kg2 Bxh4 55.Rf7+ Kg8 56.Bd5 Rc5 57.Be4 Rc3
58.Ra7 Kf8 59.Rxa5 Ke7 60.Bd5 Kd6 61.Rb5 Bd8 62.Bb3 Rd3 63.Rb7 Bc7 64.a5 Re3
65.a6 Kc6 66.Bd5+ Kxd5 67.a7 Bxf4 68.a8=Q Kxe6 69.Qa6+ Kf5 70.Rb5+ Be5 71.Qc8+ Kf6
72.Qh8+ Kf5 73.Kf2 Re4 74.Qc8+ Kf6 75.Qd8+ Kf5 76.Qd3  1-0

[Event "Tatry Open"]
[Site "Tatranske Zruby SVK"]
[Date "2011.10.01"]
[Round "8.9"]
[White "Dobrovolsky,L"]
[Black "Kolesar,Mil"]
[Result "1-0"]
[WhiteElo "2347"]
[BlackElo "2175"]

1.e4 c5 2.Nf3 d6 3.Bb5+ Nc6 4.c3 Nf6 5.Qe2 Bd7 6.d3 g6 7.Nbd2 Bg7 8.O-O O-O
9.a4 Bg4 10.h3 Bxf3 11.Nxf3 Na5 12.Bg5 a6 13.Bc4 Nxc4 14.dxc4 Nd7 15.Nh2 Ne5
16.f4 Nc6 17.Ng4 Qc7 18.Bh6 f6 19.Bxg7 Kxg7 20.Ne3 Rad8 21.h4 Qc8 22.Rf3 Qe6
23.Nd5 f5 24.Re3 Rf7 25.b4 cxb4 26.cxb4 Qd7 27.Rd1 e5 28.exf5 Qxf5 29.fxe5 Nxe5
30.c5 Nc6 31.Rf3 Qe5 32.Re3 Qf5 33.Qb2+ Kg8 34.cxd6 Rxd6 35.Re8+ Rf8 36.Rxf8+ Qxf8
37.Rf1 Qxf1+ 38.Kxf1 Rxd5 39.Qb3 Ne7 40.Kg1 Kf8 41.Qe3 Rd6 42.Qe5 Rd1+ 43.Kh2 Rd7
44.Qf6+  1-0

[Event "Tatry Open"]
[Site "Tatranske Zruby SVK"]
[Date "2011.10.01"]
[Round "8.44"]
[White "Giertli,V"]
[Black "Recky,N"]
[Result "1/2-1/2"]
[WhiteElo "2088"]
[BlackElo "1907"]

1.e4 c5 2.Nf3 d6 3.Bb5+ Bd7 4.Bxd7+ Qxd7 5.d4 cxd4 6.Nxd4 Nc6 7.c4 Nf6 8.Nc3 g6
9.f3 Bg7 10.Be3 O-O 11.O-O Rac8 12.b3 a6 13.a4 Rfd8 14.Qd2 e6 15.Nde2 Qc7
16.Rfd1 Rd7 17.Rab1 Rcd8 18.h3 d5 19.cxd5 exd5 20.exd5 Nxd5 21.Nxd5 Rxd5
22.Qxd5 Rxd5 23.Rxd5 Qe7 24.Kf2 Qh4+ 25.Kf1 Qe7 26.Bc5 Qe6 27.Rbd1 h5 28.b4 Ne5
29.Kf2 h4 30.R1d4 g5 31.f4 Nc6 32.Rd3 gxf4 33.b5 axb5 34.axb5 Ne5 35.Rd8+ Kh7
36.R3d5 Qf5 37.Ba7 f3 38.Ng1 fxg2+ 39.Kxg2 Qg5+ 40.Kf1 Qf4+ 41.Bf2 Qc1+ 42.Kg2 Qg5+
43.Kf1 Qc1+ 44.Kg2 Qg5+ 45.Kf1 Qc1+  1/2-1/2

[Event "TCh-CZE Liga 1 Zapad"]
[Site "Czech Rep CZE"]
[Date "2011.10.02"]
[Round "1.1"]
[White "Turner, Jan"]
[Black "Bernasek, Jan"]
[Result "0-1"]
[WhiteElo "2395"]
[BlackElo "2464"]

1.e4 c5 2.Nf3 d6 3.Bb5+ Nc6 4.c3 Nf6 5.d3 Bd7 6.O-O a6 7.Ba4 g6 8.Re1 Bg7
9.h3 O-O 10.Nbd2 b5 11.Bc2 Ne8 12.Nf1 b4 13.Bd2 Nc7 14.a4 d5 15.Bb3 dxe4
16.dxe4 Be6 17.Ne3 Bxb3 18.Qxb3 Rb8 19.Qc2 Qc8 20.Nd5 e6 21.Ne3 Na5 22.Ng4 bxc3
23.bxc3 Nc4 24.Bh6 Bxh6 25.Nxh6+ Kg7 26.Ng4 h5 27.Ne3 Nb6 28.Nf1 Nc4 29.Ng3 e5
30.Qc1 Qe6 31.Rd1 Qf6 32.Ra2 Rfd8  0-1

[Event "1st Qinhuangdao Open"]
[Site "Qinhuangdao CHN"]
[Date "2011.10.02"]
[Round "3"]
[White "Wang Chen"]
[Black "Sandipan,C"]
[Result "1/2-1/2"]
[WhiteElo "2454"]
[BlackElo "2640"]

1.e4 c5 2.Nf3 d6 3.Bb5+ Bd7 4.Bxd7+ Qxd7 5.O-O Nf6 6.Re1 Nc6 7.c3 e6 8.d4 cxd4
9.cxd4 d5 10.e5 Ne4 11.Nbd2 Nxd2 12.Bxd2 Bb4 13.Rc1 Bxd2 14.Qxd2 O-O 15.Qd3 h6
16.a3 Rac8 17.Rc3 Ne7 18.Rec1 Rxc3 19.Rxc3 Rc8 20.g3 Qa4 21.Rxc8+ Nxc8 22.Kg2 Nb6
23.Ne1 Qc4 24.Qd1 a5 25.h4 a4 26.h5 Nd7 27.Nf3 Nb8 28.g4 Nc6 29.Qd2 Kf8 30.g5 hxg5
31.Qxg5 Qc2 32.h6 Qh7 33.hxg7+ Qxg7 34.Qxg7+ Kxg7 35.Kg3 Na5 36.Nd2 Kh6 37.Kf4 Kh5
38.Ke3 Kg4 39.Kd3 Kf4 40.Kc3 Nc6 41.Kd3 b6 42.Nb1 Na5 43.Nc3 Nc4 44.Nxa4 Kf3
45.b3 b5 46.Nc5 Nxa3 47.Nb7 Kxf2 48.Nd6 b4 49.Nxf7 Nb5 50.Nd8 Nc7 51.Nc6  1/2-1/2